Culture Générale - Série 1331 - Statistiques

Statistiques générales
  • Ce quiz a été pris 85 fois
  • Le résultat moyen est 4 sur 10
Statistiques - réponses
Question Réponse % Correct
Quel feu lumineux tournant et clignotant trouve-t-on sur le toit de certains véhicules prioritaires ? gyrophare
72%
Quel nom d'animal, associé à la locution "d'hôtel", désigne un voleur qui dévalise les chambres de voyageurs ? rat
63%
Dans quelle comédie musicale peut-on entendre la chanson "Le Monde est stone" ? Starmania
61%
Quelle ville d'Autriche, capitale du Tyrol, a accueilli les jeux Olympiques d'hiver en 1964 et 1976 ? Innsbruck
45%
Dans la mythologie grecque, quel monstre, possédant plusieurs têtes de serpent qui repoussent quand on les coupe, Héraclès doit-il tuer ? L'Hydre de Lerne
33%
Quel athlète cubain a remporté le titre de champion olympique de saut en hauteur aux J.O. de 1992 ? Javier Sotomayor
28%
Si "atlas" désigne la première vertèbre cervicale de l'homme, quel est le nom de la deuxième ? axis
24%
Quel nom portent les habitants de la ville de Palerme ? Palermitains
16%
Comment s'appelle la chronique hebdomadaire qu'écrit l'héroïne de série télévisée Carrie Bradshaw ? Sex and The City
12%
Dans quel opéra de Mozart rencontre-t-on les personnages de Leporello et Zerlina ? Don Giovanni
9%
Aucun quiz correspondant
Distribution des résultats
% des personnes avec chaque résultat
Percentile par nombre de réponses
Votre historique - résultats
Vous n’avez pas pris ce quiz